| 000 | 00387nam a2200133Ia 4500 | ||
|---|---|---|---|
| 008 | 220104s9999 xx 000 0 und d | ||
| 100 | _aSeneviratne Priyani | ||
| 245 | 0 | _aRubber seed production in Sri Lanka and its possible effects on the rubber planting material | |
| 650 | _aPlanting material | ||
| 650 | _aProduction | ||
| 650 | _aRubber seed | ||
| 650 | _aSri Lanka | ||
| 942 | _cBE | ||
| 999 |
_c47482 _d47482 |
||